000 00630nmm a2200253 a 4500
003 AR-BaBNM
005 20251128205327.0
008 011101s1995 ||||||||||||||000 | spa||
020 _a0-19-432615-2
040 _cAR-BaBNM
100 1 _aBazo, P.
245 1 0 _aFanfare
_bprogress book
_n3
260 _aOxford
_bOxford University Press
_c1995
300 _a80 p.
_bil
650 4 _aENSENANZA DE IDIOMAS
650 4 _aACTIVIDADES DE APRENDIZAJE
650 4 _aINGLES
650 4 _aGRAMATICA
650 4 _aVOCABULARIO
653 _aEDUCACION GENERAL BASICA
700 1 _aHernández, M.R.
942 _cBK
998 _cmau
999 _c10942
_d10942